Sports en image par lettre - U / V / W / X / Y / Z - Statistiques

Statistiques générales
  • Ce quiz a été pris 81 fois
  • Le résultat moyen est 8 sur 16
Statistiques - réponses
Par images Réponse % Correct
Volleyball
97%
VTT
97%
Waterpolo
89%
Yoga
86%
Voile
85%
Ultimate
80%
Zumba
69%
ULM
58%
Voltige
38%
Wingsuit
35%
Varappe
18%
Wingfoil
3%
Va'a
1%
Watfit
0%
Xare
0%
Yukigassen
0%
Aucun quiz correspondant
Distribution des résultats
% des personnes avec chaque résultat
Percentile par nombre de réponses
Votre historique - résultats
Vous n’avez pas pris ce quiz